Sports Quiz

Random Sports Quiz

2014 Ryder Cup Squads Quiz Stats

Quiz not verified by Sporcle

Challenge
Share
Tweet
Embed
Score 0/26 Timer 10:00
0 Plays Today
Team Player % Correct
USA (Captain)Tom Watson
92.9%
USAPhil Mickelson
92.9%
USABubba Watson
92.9%
EuropeRory McIlroy
92.9%
EuropeSergio Garcia
89.3%
Europe Ian Poulter
89.3%
EuropeJamie Donaldson
89.3%
EuropeJustin Rose
85.7%
EuropeMartin Kaymer
85.7%
EuropeLee Westwood
85.7%
USARicky Fowler
82.1%
USAJim Furyk
82.1%
Europe (Captain)Paul McGinley
78.6%
Team Player % Correct
EuropeGraham McDowell
78.6%
EuropeHenrik Stenson
78.6%
USAPatrick Reed
75%
EuropeVictor DuBuisson
75%
USAJordan Spieth
71.4%
EuropeStephen Gallacher
71.4%
USAZach Johnson
67.9%
USAKeegan Bradley
67.9%
USA Webb Simpson
60.7%
EuropeThomas Bjorn
60.7%
USAMatt Kuchar
50%
USA Jimmy Walker
50%
USAHunter Mahan
50%

You're not logged in!

Compare scores with friends on all Sporcle quizzes.
Sign Up with Email
OR
Log In

You Might Also Like...

Show Comments

Extras

Top Quizzes Today


Score Distribution

Your Account Isn't Verified!

In order to create a playlist on Sporcle, you need to verify the email address you used during registration. Go to your Sporcle Settings to finish the process.